| 000 | 00846cam a22002414a 4500 | ||
|---|---|---|---|
| 001 | 12415521 | ||
| 005 | 20180214074241.0 | ||
| 008 | 010521s2002 njua b 101 0 eng | ||
| 010 | _a 2001033989 | ||
| 020 | _a0805839631 (hbk. : alk. paper) | ||
| 040 |
_aDLC _cDLC _dDLC |
||
| 041 | _aeng | ||
| 042 | _apcc | ||
| 080 | _a306.735 BOO | ||
| 082 | 0 | 0 |
_a306.735 BOO _221 |
| 100 | _a50 | ||
| 101 | _aSOC | ||
| 245 | 0 | 0 |
_aJust living together : _cedited by Alan Booth, Ann C. Crouter. |
| 504 | _aIncludes bibliographical references and indexes. | ||
| 906 |
_a7 _bcbc _corignew _d1 _eocip _f20 _gy-gencatlg |
||
| 942 |
_2ddc _cBK |
||
| 999 |
_c42510 _d42510 |
||